000 00642nam a2200277Ia 4500
005 20260324122759.0
008 008 260324s9999 xx 000 0 eng d
020 _a9781315250144
037 _aEBOOK
040 _aCRL
040 _beng
040 _cCRL
041 _2eng
041 _aeng
084 _qCRL
100 _aAndrew Spicer
_91167785
245 0 _aLutheran Churches in Early Modern Europe
260 _bTaylor and Francis
260 _c2012
365 _a
365 _b265
856 _uhttp://www.taylorfrancis.com/books/9781315250144
942 _cEBOOK
999 _c1760777
_d1760777